3 Literature Threesomes Quiz Stats

 Plays Quiz Updated Jun 25, 2016

Challenge
Share
Tweet
Embed
Score 0/9 Timer 01:30
10 Plays Today
Hint Answer % Correct
The First Names or Pennames of the Brontë SistersEmily (Ellis Bell)
87.6%
Parts of 'The Lord of the Rings' TrilogyThe Two Towers
87.1%
The First Names or Pennames of the Brontë SistersCharlotte (Currer Bell)
85.4%
Parts of 'The Lord of the Rings' TrilogyThe Return of the King
83.2%
Parts of 'The Lord of the Rings' TrilogyThe Fellowship of the Ring
82.4%
The First Names or Pennames of the Brontë SistersAnne (Acton Bell)
68.6%
The Deathly Hallows in Harry PotterElder Wand
66.6%
The Deathly Hallows in Harry PotterCloak of Invisibility
64.9%
The Deathly Hallows in Harry PotterResurrection Stone
58.3%

You're not logged in!

Compare scores with friends on all Sporcle quizzes.
OR
Log In

You Might Also Like...

Show Comments

Extras

Top Quizzes Today


Score Distribution

Your Account Isn't Verified!

In order to create a playlist on Sporcle, you need to verify the email address you used during registration. Go to your Sporcle Settings to finish the process.

Report this User

Report this user for behavior that violates our Community Guidelines.

Details: